[Event "ODJM B 2024"]
[Site "Willingen GER"]
[Date "2024.05.24"]
[Round "8"]
[White "Stettner, Oskar"]
[Black "Lampe, Finn"]
[Result "1-0"]
[Termination "normal"]
[Board "4"]
[WhiteElo "1672"]
[BlackElo "1688"]
[WhiteClock "00:20:01"]
[BlackClock "00:48:10"]
[PlyCount "93"]
[WhiteFideId "34617035"]
[BlackFideId "34683437"]
[EventCountry "GER"]
[EventRounds "9"]
[EventType "swiss"]
[EventDate "2024.05.18"]

1. e4 {[%clk 01:30:58]} {[%emt 00:00:03]} e6 {[%clk 01:30:56]} {[%emt
00:00:05]} 2. d4 {[%clk 01:31:24]} {[%emt 00:00:04]} d5 {[%clk 01:31:22]}
{[%emt 00:00:03]} 3. e5 {[%clk 01:31:02]} {[%emt 00:00:52]} c5 {[%clk
01:31:47]} {[%emt 00:00:05]} 4. c3 {[%clk 01:31:30]} {[%emt 00:00:02]} Qb6
{[%clk 01:32:08]} {[%emt 00:00:10]} 5. Nf3 {[%clk 01:31:30]} {[%emt 00:00:30]}
Nc6 {[%clk 01:32:33]} {[%emt 00:00:04]} 6. a3 {[%clk 01:30:18]} {[%emt
00:01:42]} c4 {[%clk 01:32:54]} {[%emt 00:00:09]} 7. Be2 {[%clk 01:29:49]}
{[%emt 00:01:00]} Na5 {[%clk 01:32:59]} {[%emt 00:00:24]} 8. Nbd2 {[%clk
01:29:16]} {[%emt 00:01:03]} Bd7 {[%clk 01:33:06]} {[%emt 00:00:23]} 9. O-O
{[%clk 01:29:08]} {[%emt 00:00:39]} Ne7 {[%clk 01:32:28]} {[%emt 00:01:07]} 10.
Qc2 {[%clk 01:19:28]} {[%emt 00:10:10]} Ng6 {[%clk 01:29:58]} {[%emt 00:03:00]}
11. Re1 {[%clk 01:12:01]} {[%emt 00:07:58]} Be7 {[%clk 01:22:17]} {[%emt
00:08:11]} 12. g3 {[%clk 01:04:49]} {[%emt 00:07:42]} f5 {[%clk 01:18:21]}
{[%emt 00:04:26]} 13. exf6 {[%clk 00:51:52]} {[%emt 00:13:27]} gxf6 {[%clk
01:18:19]} {[%emt 00:00:31]} 14. Bd1 {[%clk 00:45:01]} {[%emt 00:07:22]} Qc7
{[%clk 01:11:20]} {[%emt 00:07:29]} 15. Nf1 {[%clk 00:32:27]} {[%emt 00:13:03]}
Nb3 {[%clk 01:08:11]} {[%emt 00:03:39]} 16. Rb1 {[%clk 00:32:53]} {[%emt
00:00:05]} Nxc1 {[%clk 01:07:32]} {[%emt 00:01:08]} 17. Qxc1 {[%clk 00:30:49]}
{[%emt 00:02:33]} h5 {[%clk 01:04:48]} {[%emt 00:03:14]} 18. Bc2 {[%clk
00:27:44]} {[%emt 00:03:36]} Kf7 {[%clk 01:03:59]} {[%emt 00:01:18]} 19. Ne3
{[%clk 00:25:20]} {[%emt 00:02:54]} Rag8 {[%clk 01:01:23]} {[%emt 00:03:06]}
20. Ng2 {[%clk 00:23:47]} {[%emt 00:02:04]} Bd6 {[%clk 00:50:39]} {[%emt
00:11:15]} 21. Qd2 {[%clk 00:22:18]} {[%emt 00:01:59]} f5 {[%clk 00:46:49]}
{[%emt 00:04:20]} 22. h4 {[%clk 00:13:29]} {[%emt 00:09:18]} Be7 {[%clk
00:39:13]} {[%emt 00:08:05]} 23. Re2 {[%clk 00:10:14]} {[%emt 00:03:46]} Bf6
{[%clk 00:35:34]} {[%emt 00:04:09]} 24. Rbe1 {[%clk 00:09:14]} {[%emt
00:01:30]} b5 {[%clk 00:34:31]} {[%emt 00:01:33]} 25. Ne5+ {[%clk 00:08:50]}
{[%emt 00:00:54]} Nxe5 {[%clk 00:33:09]} {[%emt 00:01:52]} 26. dxe5 {[%clk
00:09:19]} {[%emt 00:00:02]} Bg7 {[%clk 00:29:35]} {[%emt 00:04:03]} 27. Bxf5
{[%clk 00:07:35]} {[%emt 00:02:14]} Bh6 {[%clk 00:29:06]} {[%emt 00:00:59]} 28.
Qd4 {[%clk 00:05:51]} {[%emt 00:02:13]} Ke8 {[%clk 00:27:34]} {[%emt 00:02:03]}
29. Bh3 {[%clk 00:05:15]} {[%emt 00:01:06]} Bf8 {[%clk 00:27:02]} {[%emt
00:01:02]} 30. Qd2 {[%clk 00:04:44]} {[%emt 00:01:01]} Bc5 {[%clk 00:26:29]}
{[%emt 00:01:03]} 31. Kh2 {[%clk 00:04:47]} {[%emt 00:00:27]} Rf8 {[%clk
00:26:02]} {[%emt 00:00:58]} 32. Nf4 {[%clk 00:05:01]} {[%emt 00:00:15]} Kf7
{[%clk 00:24:55]} {[%emt 00:01:37]} 33. Nxd5 {[%clk 00:04:17]} {[%emt
00:01:13]} Qc6 {[%clk 00:23:09]} {[%emt 00:02:17]} 34. Nf6 {[%clk 00:04:12]}
{[%emt 00:00:35]} Bc8 {[%clk 00:23:23]} {[%emt 00:00:16]} 35. Qf4 {[%clk
00:04:10]} {[%emt 00:00:32]} Ke7 {[%clk 00:23:39]} {[%emt 00:00:14]} 36. Qg5
{[%clk 00:04:07]} {[%emt 00:00:33]} Kf7 {[%clk 00:23:37]} {[%emt 00:00:31]} 37.
Nxh5 {[%clk 00:04:11]} {[%emt 00:00:26]} Rhg8 {[%clk 00:22:57]} {[%emt
00:01:11]} 38. Qf6+ {[%clk 00:03:56]} {[%emt 00:00:45]} Ke8 {[%clk 00:23:19]}
{[%emt 00:00:08]} 39. Ng7+ {[%clk 00:04:14]} {[%emt 00:00:11]} Rxg7 {[%clk
00:23:17]} {[%emt 00:00:32]} 40. Qxg7 {[%clk 00:04:39]} {[%emt 00:00:06]} Bxf2
{[%clk 00:21:23]} {[%emt 00:02:24]} 41. Qg6+ {[%clk 00:28:37]} {[%emt
00:06:31]} Ke7 {[%clk 00:50:37]} {[%emt 00:01:17]} 42. Qg5+ {[%clk 00:28:09]}
{[%emt 00:00:57]} Ke8 {[%clk 00:50:49]} {[%emt 00:00:16]} 43. Rd1 {[%clk
00:27:14]} {[%emt 00:01:27]} Bb6 {[%clk 00:50:14]} {[%emt 00:01:06]} 44. Bg2
{[%clk 00:25:46]} {[%emt 00:01:58]} Qc5 {[%clk 00:50:02]} {[%emt 00:00:42]} 45.
Red2 {[%clk 00:23:41]} {[%emt 00:02:35]} Qc7 {[%clk 00:48:21]} {[%emt
00:02:10]} 46. Bc6+ {[%clk 00:19:32]} {[%emt 00:04:40]} Qxc6 {[%clk 00:48:10]}
{[%emt 00:00:41]} 47. Rd8+ {[%clk 00:20:01]} 1-0

[Event "ODJM B 2024"]
[Site "Willingen GER"]
[Date "2024.05.24"]
[Round "8"]
[White "Liang, Jiaxuan"]
[Black "Roth, Jonas"]
[Result "1-0"]
[Termination "normal"]
[Board "6"]
[WhiteElo "1673"]
[BlackElo "1766"]
[WhiteClock "00:31:47"]
[BlackClock "00:14:03"]
[PlyCount "141"]
[WhiteFideId "34675205"]
[BlackFideId "34623515"]
[EventCountry "GER"]
[EventRounds "9"]
[EventType "swiss"]
[EventDate "2024.05.18"]

1. e4 {[%clk 01:30:58]} {[%emt 00:00:03]} e5 {[%clk 01:30:57]} {[%emt
00:00:03]} 2. Nf3 {[%clk 01:31:22]} {[%emt 00:00:06]} Nc6 {[%clk 01:31:23]}
{[%emt 00:00:04]} 3. Bb5 {[%clk 01:31:46]} {[%emt 00:00:06]} a6 {[%clk
01:31:47]} {[%emt 00:00:05]} 4. Ba4 {[%clk 01:32:12]} {[%emt 00:00:04]} Nf6
{[%clk 01:32:13]} {[%emt 00:00:05]} 5. d3 {[%clk 01:32:35]} {[%emt 00:00:07]}
b5 {[%clk 01:32:38]} {[%emt 00:00:05]} 6. Bb3 {[%clk 01:32:35]} {[%emt
00:00:31]} Be7 {[%clk 01:32:15]} {[%emt 00:00:51]} 7. Nbd2 {[%clk 01:31:48]}
{[%emt 00:01:17]} O-O {[%clk 01:32:37]} {[%emt 00:00:08]} 8. O-O {[%clk
01:31:54]} {[%emt 00:00:24]} Bb7 {[%clk 01:33:03]} {[%emt 00:00:05]} 9. Re1
{[%clk 01:32:00]} {[%emt 00:00:24]} d6 {[%clk 01:33:28]} {[%emt 00:00:05]} 10.
c3 {[%clk 01:32:10]} {[%emt 00:00:20]} Re8 {[%clk 01:33:53]} {[%emt 00:00:05]}
11. Nf1 {[%clk 01:32:14]} {[%emt 00:00:26]} Bf8 {[%clk 01:33:53]} {[%emt
00:00:29]} 12. Ng3 {[%clk 01:31:44]} {[%emt 00:01:00]} h6 {[%clk 01:33:26]}
{[%emt 00:00:57]} 13. Nh4 {[%clk 01:29:11]} {[%emt 00:03:04]} Ne7 {[%clk
01:32:17]} {[%emt 00:01:38]} 14. Qf3 {[%clk 01:23:49]} {[%emt 00:05:52]} Bc8
{[%clk 01:30:04]} {[%emt 00:02:44]} 15. Nh5 {[%clk 01:19:46]} {[%emt 00:04:32]}
Be6 {[%clk 01:19:49]} {[%emt 00:10:44]} 16. Nxf6+ {[%clk 01:16:01]} {[%emt
00:04:16]} gxf6 {[%clk 01:20:06]} {[%emt 00:00:13]} 17. Bxe6 {[%clk 01:15:17]}
{[%emt 00:01:15]} fxe6 {[%clk 01:20:11]} {[%emt 00:00:25]} 18. Qxf6 {[%clk
01:14:46]} {[%emt 00:01:01]} Bg7 {[%clk 01:18:26]} {[%emt 00:02:15]} 19. Qxe6+
{[%clk 01:12:53]} {[%emt 00:02:23]} Kh7 {[%clk 01:18:42]} {[%emt 00:00:13]} 20.
Re3 {[%clk 01:09:19]} {[%emt 00:04:04]} Rf8 {[%clk 01:14:26]} {[%emt 00:04:45]}
21. Rf3 {[%clk 01:03:32]} {[%emt 00:06:18]} Rxf3 {[%clk 01:14:09]} {[%emt
00:00:47]} 22. Nxf3 {[%clk 01:03:14]} {[%emt 00:00:49]} Ng6 {[%clk 01:08:41]}
{[%emt 00:05:58]} 23. Qh3 {[%clk 01:00:12]} {[%emt 00:03:31]} Nf4 {[%clk
01:07:46]} {[%emt 00:01:25]} 24. Bxf4 {[%clk 01:00:13]} {[%emt 00:00:30]} exf4
{[%clk 01:08:12]} {[%emt 00:00:04]} 25. Nh4 {[%clk 00:59:22]} {[%emt 00:01:21]}
Qg5 {[%clk 01:06:29]} {[%emt 00:02:10]} 26. Qf5+ {[%clk 00:58:22]} {[%emt
00:01:33]} Kg8 {[%clk 01:04:53]} {[%emt 00:02:05]} 27. Qxg5 {[%clk 00:57:39]}
{[%emt 00:01:14]} hxg5 {[%clk 01:05:17]} {[%emt 00:00:05]} 28. Nf5 {[%clk
00:57:56]} {[%emt 00:00:13]} Kf7 {[%clk 01:04:57]} {[%emt 00:00:49]} 29. Nxg7
{[%clk 00:56:13]} {[%emt 00:02:15]} Kxg7 {[%clk 01:05:25]} {[%emt 00:00:02]}
30. f3 {[%clk 00:55:08]} {[%emt 00:01:34]} Kf6 {[%clk 01:05:49]} {[%emt
00:00:06]} 31. g3 {[%clk 00:54:04]} {[%emt 00:01:35]} Ke5 {[%clk 01:06:05]}
{[%emt 00:00:13]} 32. Kg2 {[%clk 00:52:07]} {[%emt 00:02:28]} c5 {[%clk
01:06:14]} {[%emt 00:00:21]} 33. Rh1 {[%clk 00:51:44]} {[%emt 00:00:53]} Rg8
{[%clk 01:05:28]} {[%emt 00:01:16]} 34. Rd1 {[%clk 00:49:36]} {[%emt 00:02:38]}
Ke6 {[%clk 01:03:38]} {[%emt 00:02:19]} 35. Rd2 {[%clk 00:45:51]} {[%emt
00:04:15]} a5 {[%clk 01:02:54]} {[%emt 00:01:14]} 36. Kh3 {[%clk 00:44:43]}
{[%emt 00:01:38]} Rh8+ {[%clk 01:01:04]} {[%emt 00:02:20]} 37. Kg4 {[%clk
00:44:48]} {[%emt 00:00:25]} Kf6 {[%clk 01:00:21]} {[%emt 00:01:13]} 38. d4
{[%clk 00:42:16]} {[%emt 00:03:03]} c4 {[%clk 00:58:12]} {[%emt 00:02:38]} 39.
Re2 {[%clk 00:40:44]} {[%emt 00:02:03]} fxg3 {[%clk 00:49:04]} {[%emt
00:09:38]} 40. hxg3 {[%clk 00:40:42]} {[%emt 00:00:32]} b4 {[%clk 00:40:02]}
{[%emt 00:09:32]} 41. f4 {[%clk 00:39:28]} {[%emt 00:01:44]} gxf4 {[%clk
00:40:18]} {[%emt 00:00:14]} 42. gxf4 {[%clk 00:39:45]} {[%emt 00:00:12]} Rh1
{[%clk 00:38:00]} {[%emt 00:02:48]} 43. e5+ {[%clk 00:39:32]} {[%emt 00:00:43]}
dxe5 {[%clk 00:37:57]} {[%emt 00:00:33]} 44. dxe5+ {[%clk 00:39:37]} {[%emt
00:00:25]} Ke7 {[%clk 00:37:32]} {[%emt 00:00:55]} 45. b3 {[%clk 00:36:27]}
{[%emt 00:03:40]} Rg1+ {[%clk 00:32:25]} {[%emt 00:05:37]} 46. Kf5 {[%clk
00:35:07]} {[%emt 00:01:51]} cxb3 {[%clk 00:31:50]} {[%emt 00:01:05]} 47. cxb4
{[%clk 00:34:38]} {[%emt 00:00:59]} bxa2 {[%clk 00:32:09]} {[%emt 00:00:11]}
48. Rxa2 {[%clk 00:34:32]} {[%emt 00:00:36]} axb4 {[%clk 00:32:18]} {[%emt
00:00:21]} 49. Rb2 {[%clk 00:34:21]} {[%emt 00:00:40]} Rg8 {[%clk 00:31:53]}
{[%emt 00:00:55]} 50. Rxb4 {[%clk 00:34:41]} {[%emt 00:00:11]} Rf8+ {[%clk
00:32:11]} {[%emt 00:00:11]} 51. Ke4 {[%clk 00:35:05]} {[%emt 00:00:08]} Ra8
{[%clk 00:31:55]} {[%emt 00:00:44]} 52. f5 {[%clk 00:35:12]} {[%emt 00:00:23]}
Ra7 {[%clk 00:32:09]} {[%emt 00:00:16]} 53. Rc4 {[%clk 00:34:52]} {[%emt
00:00:51]} Kd7 {[%clk 00:31:44]} {[%emt 00:00:53]} 54. Kd5 {[%clk 00:34:41]}
{[%emt 00:00:42]} Ra5+ {[%clk 00:30:51]} {[%emt 00:01:23]} 55. Rc5 {[%clk
00:34:37]} {[%emt 00:00:35]} Ra1 {[%clk 00:31:15]} {[%emt 00:00:05]} 56. e6+
{[%clk 00:34:28]} {[%emt 00:00:39]} Ke7 {[%clk 00:26:03]} {[%emt 00:05:42]} 57.
Rc7+ {[%clk 00:34:18]} {[%emt 00:00:40]} Kd8 {[%clk 00:26:27]} {[%emt
00:00:07]} 58. Rd7+ {[%clk 00:34:03]} {[%emt 00:00:45]} Ke8 {[%clk 00:26:45]}
{[%emt 00:00:11]} 59. Ke5 {[%clk 00:34:13]} {[%emt 00:00:21]} Rh1 {[%clk
00:26:13]} {[%emt 00:01:00]} 60. Rg7 {[%clk 00:32:56]} {[%emt 00:01:48]} Kf8
{[%clk 00:23:15]} {[%emt 00:03:28]} 61. f6 {[%clk 00:30:39]} {[%emt 00:02:48]}
Re1+ {[%clk 00:22:48]} {[%emt 00:00:56]} 62. Kd6 {[%clk 00:30:56]} {[%emt
00:00:13]} Rd1+ {[%clk 00:23:08]} {[%emt 00:00:10]} 63. Kc5 {[%clk 00:30:22]}
{[%emt 00:01:05]} Rc1+ {[%clk 00:22:56]} {[%emt 00:00:42]} 64. Kd4 {[%clk
00:30:05]} {[%emt 00:00:46]} Rd1+ {[%clk 00:23:08]} {[%emt 00:00:17]} 65. Kc3
{[%clk 00:30:31]} {[%emt 00:00:05]} Re1 {[%clk 00:14:12]} {[%emt 00:09:27]} 66.
e7+ {[%clk 00:30:21]} {[%emt 00:00:40]} Ke8 {[%clk 00:14:16]} {[%emt 00:00:26]}
67. Rg8+ {[%clk 00:30:42]} {[%emt 00:00:08]} Kd7 {[%clk 00:13:38]} {[%emt
00:01:08]} 68. Rd8+ {[%clk 00:30:57]} {[%emt 00:00:16]} Kc7 {[%clk 00:14:00]}
{[%emt 00:00:08]} 69. e8=Q {[%emt 00:00:09]} Rc1+ {[%clk 00:13:51]} {[%emt
00:00:38]} 70. Kb2 {[%clk 00:31:32]} {[%emt 00:00:16]} Rc5 {[%clk 00:14:03]}
{[%emt 00:00:18]} 71. Rc8+ {[%clk 00:31:47]} {[%emt 00:00:48]} 1-0

[Event "ODJM B 2024"]
[Site "Willingen GER"]
[Date "2024.05.24"]
[Round "8"]
[White "Uhlmann, Jonas"]
[Black "Kelembet, Maksym"]
[Result "1/2-1/2"]
[Termination "normal"]
[Board "7"]
[WhiteElo "1842"]
[BlackElo "1611"]
[WhiteClock "00:22:55"]
[BlackClock "01:00:57"]
[PlyCount "94"]
[WhiteFideId "16258576"]
[BlackFideId "34684735"]
[EventCountry "GER"]
[EventRounds "9"]
[EventType "swiss"]
[EventDate "2024.05.18"]

1. Nc3 {[%clk 01:30:58]} {[%emt 00:00:02]} d5 {[%clk 01:30:31]} {[%emt
00:00:29]} 2. d4 {[%clk 01:31:23]} {[%emt 00:00:06]} Nf6 {[%clk 01:30:56]}
{[%emt 00:00:04]} 3. Bf4 {[%clk 01:31:47]} {[%emt 00:00:05]} a6 {[%clk
01:31:22]} {[%emt 00:00:05]} 4. e3 {[%clk 01:32:00]} {[%emt 00:00:17]} c5
{[%clk 01:31:45]} {[%emt 00:00:07]} 5. dxc5 {[%clk 01:31:30]} {[%emt 00:01:00]}
e6 {[%clk 01:31:27]} {[%emt 00:00:49]} 6. b4 {[%clk 01:31:31]} {[%emt
00:00:27]} b6 {[%clk 01:31:40]} {[%emt 00:00:18]} 7. Rb1 {[%clk 01:30:14]}
{[%emt 00:01:47]} bxc5 {[%clk 01:22:32]} {[%emt 00:09:38]} 8. bxc5 {[%clk
01:30:32]} {[%emt 00:00:12]} Qa5 {[%clk 01:18:53]} {[%emt 00:04:09]} 9. Qd2
{[%clk 01:17:43]} {[%emt 00:13:19]} Nc6 {[%clk 01:19:17]} {[%emt 00:00:07]} 10.
Rb6 {[%clk 01:07:40]} {[%emt 00:10:32]} Bd7 {[%clk 01:19:28]} {[%emt 00:00:20]}
11. Bc7 {[%clk 00:52:45]} {[%emt 00:15:24]} Qxc5 {[%clk 01:10:31]} {[%emt
00:09:27]} 12. Rb3 {[%clk 00:49:03]} {[%emt 00:04:11]} Na5 {[%clk 01:09:22]}
{[%emt 00:01:40]} 13. Bxa5 {[%clk 00:48:57]} {[%emt 00:00:35]} Qxa5 {[%clk
01:09:51]} {[%emt 00:00:02]} 14. Nge2 {[%clk 00:43:17]} {[%emt 00:06:10]} Bb4
{[%clk 01:09:42]} {[%emt 00:00:39]} 15. Qd4 {[%clk 00:42:46]} {[%emt 00:01:01]}
Bxc3+ {[%clk 01:08:45]} {[%emt 00:01:27]} 16. Nxc3 {[%clk 00:41:41]} {[%emt
00:01:34]} Rc8 {[%clk 01:07:27]} {[%emt 00:01:48]} 17. Bd3 {[%clk 00:41:40]}
{[%emt 00:00:31]} Bb5 {[%clk 01:06:48]} {[%emt 00:01:09]} 18. Bxb5+ {[%clk
00:41:48]} {[%emt 00:00:23]} axb5 {[%clk 01:07:17]} {[%emt 00:00:01]} 19. O-O
{[%clk 00:41:23]} {[%emt 00:00:54]} O-O {[%clk 01:07:41]} {[%emt 00:00:06]} 20.
Rc1 {[%clk 00:37:26]} {[%emt 00:04:27]} Rc4 {[%clk 01:07:59]} {[%emt 00:00:13]}
21. Qd3 {[%clk 00:37:47]} {[%emt 00:00:09]} b4 {[%clk 01:08:20]} {[%emt
00:00:09]} 22. Nb1 {[%clk 00:36:56]} {[%emt 00:01:20]} Rfc8 {[%clk 01:07:30]}
{[%emt 00:01:21]} 23. a3 {[%clk 00:36:19]} {[%emt 00:01:07]} bxa3 {[%clk
01:07:04]} {[%emt 00:00:55]} 24. Rxa3 {[%clk 00:35:47]} {[%emt 00:01:02]} Qc5
{[%clk 01:04:21]} {[%emt 00:03:13]} 25. f3 {[%clk 00:33:44]} {[%emt 00:02:33]}
h6 {[%clk 01:03:55]} {[%emt 00:00:56]} 26. Nd2 {[%clk 00:32:42]} {[%emt
00:01:32]} Rxc2 {[%clk 01:03:40]} {[%emt 00:00:45]} 27. Rxc2 {[%clk 00:32:39]}
{[%emt 00:00:34]} Qxc2 {[%clk 01:04:05]} {[%emt 00:00:05]} 28. Qxc2 {[%clk
00:32:18]} {[%emt 00:00:51]} Rxc2 {[%clk 01:04:32]} {[%emt 00:00:02]} 29. Rd3
{[%clk 00:32:42]} {[%emt 00:00:07]} Kf8 {[%clk 01:03:50]} {[%emt 00:01:11]} 30.
h4 {[%clk 00:31:19]} {[%emt 00:01:53]} Ke7 {[%clk 01:03:58]} {[%emt 00:00:22]}
31. Kf1 {[%clk 00:29:57]} {[%emt 00:01:53]} Kd6 {[%clk 01:03:41]} {[%emt
00:00:47]} 32. g4 {[%clk 00:28:23]} {[%emt 00:02:03]} Kc5 {[%clk 01:02:43]}
{[%emt 00:01:28]} 33. g5 {[%clk 00:27:06]} {[%emt 00:01:47]} hxg5 {[%clk
01:03:03]} {[%emt 00:00:10]} 34. hxg5 {[%clk 00:27:30]} {[%emt 00:00:06]} Nd7
{[%clk 01:03:32]} {[%emt 00:00:02]} 35. f4 {[%clk 00:27:48]} {[%emt 00:00:12]}
Nb6 {[%clk 01:03:08]} {[%emt 00:00:54]} 36. Nf3 {[%clk 00:26:15]} {[%emt
00:02:03]} Nc4 {[%clk 01:03:23]} {[%emt 00:00:14]} 37. Ke1 {[%clk 00:23:56]}
{[%emt 00:02:50]} Kb4 {[%clk 01:03:03]} {[%emt 00:00:50]} 38. Nd4 {[%clk
00:24:07]} {[%emt 00:00:18]} Rc3 {[%clk 01:02:50]} {[%emt 00:00:43]} 39. Nc6+
{[%clk 00:22:08]} {[%emt 00:02:30]} Kb3 {[%clk 01:01:23]} {[%emt 00:01:57]} 40.
Rxc3+ {[%clk 00:22:18]} {[%emt 00:00:20]} Kxc3 {[%clk 01:01:48]} {[%emt
00:00:05]} 41. Ke2 {[%clk 00:22:44]} {[%emt 00:00:02]} Nd6 {[%clk 01:01:39]}
{[%emt 00:00:40]} 42. Ne5 {[%clk 00:21:40]} {[%emt 00:01:34]} f6 {[%clk
01:00:37]} {[%emt 00:01:33]} 43. gxf6 {[%clk 00:22:03]} {[%emt 00:00:06]} gxf6
{[%clk 01:00:59]} {[%emt 00:00:08]} 44. Nd7 {[%clk 00:22:07]} {[%emt 00:00:25]}
Ne4 {[%clk 01:01:06]} {[%emt 00:00:24]} 45. Nf8 {[%clk 00:22:12]} {[%emt
00:00:25]} e5 {[%clk 01:00:46]} {[%emt 00:00:50]} 46. fxe5 {[%clk 00:22:32]}
{[%emt 00:00:10]} fxe5 {[%clk 01:01:11]} {[%emt 00:00:06]} 47. Nd7 {[%clk
00:22:55]} {[%emt 00:00:06]} d4 {[%clk 01:00:57]} {[%emt 00:00:44]} 1/2-1/2